Statistics for Main Series Sonic Games

Click here to take the quiz!

General Stats

  • This quiz has been taken 1,300 times
  • The average score is 13 of 16

Answer Stats

YearPlatformAnswer% Correct
1991GenesisSonic the Hedgehog
99%
1992GenesisSonic the Hedgehog 2
98%
2006PS3, 360Sonic the Hedgehog
95%
1994GenesisSonic the Hedgehog 3
95%
1998DreamcastSonic Adventure
92%
1993CDSonic CD
92%
2001DreamcastSonic Adventure 2
91%
2010Wii, DSSonic Colors
86%
1994GenesisSonic & Knuckles
86%
2008Wii, PS2, PS3, 360Sonic Unleashed
84%
2011PS3, 360, 3DSSonic Generations
83%
2003GC, PS2, XboxSonic Heroes
79%
2013Wii U, 3DSSonic Lost World
72%
2005GC, PS2, XboxShadow the Hedgehog
65%
2010Wii, PS3, 360Sonic the Hedgehog 4: Episode I
40%
2012PS3, 360Sonic the Hedgehog 4: Episode II
39%

Score Distribution

Percentile by Number Answered

Percent of People with Each Score

Your Score History

You have not taken this quiz